000 00479nam a22001937a 4500
003 CEME
005 20230418123847.0
008 210201b xxu||||| |||| 00| 0 eng d
020 _a0-340-79620-0
040 _c.
082 _a823.008 BLY
100 _aBlyton, Enid
_911689
240 _aThe Famous Five
245 _aFive on Kirrin Island Again
260 _aNEW YORK
_bHODDER
_c2001
300 _a247P
650 _aENGLISH LITERATURE-STORIES
_956322
942 _cBK
_2ddc
999 _c566774
_d566774